| 000 | 00928cad a22002055a 4500 | ||
|---|---|---|---|
| 001 | L145676 | ||
| 008 | 081030s2008 xxkad f s 000 0 eng d | ||
| 035 | _a(Sirsi) u145676 | ||
| 041 | 0 | _aeng | |
| 110 | 2 |
_aLambert Smith Hampton _92865 |
|
| 245 | 0 | 0 |
_aUK investment transactions (UKIT) _bthird quarter 2008 _h[electronic resource] |
| 260 | _c2007 | ||
| 490 | 0 |
_aUK Investment Transactions (UKIT) _vThird Quarter 2008 |
|
| 520 | _aReveals that UK investment market turnover fell to its lowest quarterly total for seven years. Total investment market activity for the year to date stands at almost £18bn, which is 64% lower than the first three quarters of 2007. | ||
| 590 | _aKA NTK | ||
| 651 | 4 |
_aUnited Kingdom _y |
|
| 690 | _aPROPERTY-COMMERCIAL PROPERTY-COMMERCIAL PROPERTY FINANCE AND INVESTMENT | ||
| 856 | 4 | 0 |
_uhttps://www.lsh.co.uk/ _zView the item free of charge after registration at www.lsh.co.uk... |
| 942 | _n0 | ||
| 999 |
_c108855 _d108855 |
||